| 000 | 00792na a2200265 4500 | ||
|---|---|---|---|
| 001 | 12641 | ||
| 003 | MIRAKIL | ||
| 005 | 20181213154813.0 | ||
| 008 | 160812b tu 000 0 | ||
| 020 | _a9789755337296 | ||
| 035 | _a12641 | ||
| 040 |
_aMilas _btur _cTR-AnCHP |
||
| 082 |
_a142.7 _bİ95ö 2013 |
||
| 090 | _a142.7 İ95ö 2013 | ||
| 100 | _aİzmir, Mutluhan | ||
| 245 |
_aÖznenin diyalektiği _bHegel, Sartre ve Lacan _cMutluhan İzmir. |
||
| 246 | _aHegel, Sartre ve Lacan | ||
| 260 |
_aAnkara _bİmge _c2013 |
||
| 300 |
_a335 s. _c21 sm. |
||
| 600 |
_aLacan, Jacques _d1901-1981 _eDiyalektik |
||
| 600 |
_aSartre, Jean-Paul _d1905-1980 _eDiyalektik |
||
| 600 |
_aHegel, Georg Wilhelm Friedrich _d1770-1831 _eDiyalektik |
||
| 650 |
_aDiyalektik _xFelsefe |
||
| 942 |
_2ddc _cBKS |
||
| 999 |
_c1147 _d1147 |
||